| 000 | 00361cam a2200133 4500 | ||
|---|---|---|---|
| 008 | 040209n2004 000 0 eng u | ||
| 035 | _a(Sirsi) u125087 | ||
| 100 | _aMcConnell, T. | ||
| 245 | _aSpecial report: Finance | ||
| 260 | _c2004 | ||
| 490 |
_aProperty Week _v69(5) 30 January 2004, 49-54(4) |
||
| 520 | _aThe first article reports on the | ||
| 942 | _n0 | ||
| 999 |
_c74146 _d74146 |
||